Missing Word: ABC Shows (1990s) Quiz Stats

Quiz Updated Oct 14, 2016

Challenge
Share
Tweet
Embed
Score 0/20 Timer 02:00
3 Plays Today
Television Series Missing Word % Correct
Sabrina, the Teenage _____Witch
97.7%
Who Wants to Be A _____Millionaire
95.7%
_____ Meets WorldBoy
94.6%
_____ by StepStep
92.6%
The _____ Carey ShowDrew
89.5%
My So-_____ LifeCalled
88.8%
Dharma & _____Greg
87.3%
Spin _____City
79.1%
Home _____Improvement
74.8%
Twin _____Peaks
72.2%
Television Series Missing Word % Correct
_____ Under FireGrace
63.2%
_____ with Mr. CooperHangin'
60.7%
Two Guys, a Girl, and a _____ PlacePizza
54.9%
The Jeff _____ ShowFoxworthy
53.6%
Once and _____Again
49.8%
_____ BlueNYPD
44.8%
All American _____Girl
36.6%
The _____ TruthNaked
25.8%
Sports _____Night
25%
_____ RockCop
6.9%

Today's Daily Dose

You're not logged in!

Compare scores with friends on all Sporcle quizzes.
Sign Up with Email
OR
Log In

You Might Also Like...

Show Comments

Extras

Top Quizzes Today


Score Distribution

Your Account Isn't Verified!

In order to create a playlist on Sporcle, you need to verify the email address you used during registration. Go to your Sporcle Settings to finish the process.